Automatické generovanie modelu zostavy pomocou rozhrania vo VBA

Salvato in:
Dettagli Bibliografici
Autore principale: Ivanovičová, Eva, 1986- (Autore)
Altri autori: Urcikán, Marián, 1976- (Relatore della tesi)
Natura: Manoscritto Libro
Lingua:slovacco
Pubblicazione: STU v Bratislave MTF UIAM, 2010
Soggetti:
Accesso online:VAIS
Tags: Aggiungi Tag
Nessun Tag, puoi essere il primo ad aggiungerne!!

MARC

LEADER 00000ntm a22000003a 4500
001 stu207524
005 20160719160331.2
008 100715s2010------------------------slo-d
040 |a STU  |b slo 
041 0 |a slo 
100 1 |a Ivanovičová, Eva,  |d 1986-  |4 aut  |X 57405  |7 A000057405 
242 0 0 |a Automatic generation of model assemblies using the VBA interface  |y eng 
245 1 |a Automatické generovanie modelu zostavy pomocou rozhrania vo VBA 
260 |b STU v Bratislave MTF UIAM,  |c 2010 
650 7 |a VBA  |2 stusub 
650 7 |a mechanism  |2 estusub 
650 7 |a model  |2 stusub 
650 7 |a VBA  |2 stusub 
650 7 |a model  |2 stusub 
650 7 |a parameter  |2 stusub 
650 7 |a mechanizmus  |2 stusub 
700 1 |a Urcikán, Marián,  |d 1976-  |4 ths  |X 41702  |7 A000041702 
856 4 |a info a plný text  |u http://is.stuba.sk/zp/portal_zp.pl?podrobnosti=75218  |3 VAIS 
996 |c M*DP-9186  |l MMSKP  |s P  |a 0  |w stu207524_0001